000 01199nam0a22003131 4500
001 RU\INFOCOMM_327\NLR\5000059009
005 20250614080143.0
035 _a(NLR Aleph) 010594492
090 _a10514845
_c10514845
100 _a20130314d1972 |||y0rusy50 ca
101 0 _aeng
102 _aRU
105 _ay z||||
200 1 _aMethods of the study of reading in the libraries of the USSR
_fI. P. Osipova ...
_gSeminar for librarians from Asian and African countries, Apr. 1972
210 _aM.
_d[1972]
215 _a22 л.
_d30 см
300 _aАвт. также на рус. яз.: И. П. Осипова
300 _a"International book year"
309 _aТекст на одной стороне листа
510 1 _aМетоды изучения читательских интересов в библиотеках СССР
_zrus
620 _aМосква
686 _aБ12-120
_2rubbk
700 1 _aOsipova
_bI. P.
_gIrina Pavlovna
712 1 2 _aSeminar for librarians from Asian and African countries
_eMoscow - Tashkent
_f1972
_4570
801 1 _aRU
_bInfocomm
_c20130314
801 0 _aRU
_bINFOCOMM
_gPSBO
852 _aNLR
_jБ 1530/S-571О
942 _cBOOK
980 _aNB